00746nam a22001097a 4500040000800000082002700008100007000035245045800105260002600563300002300589856002400612 cRUA aAGR SOR 2018 B644 Or.1 aSORN VONGVIRAKBOTH សន វង្សវិរះបុត្ត acomparison on insect control on long bean rainy season condition in bonteay dek commune kien svay district kandal province ប្រៀបធៀបវិធានការកម្ចាត់សត្វល្អិតលើដំណាំស្តែកកួរក្នុងលក្ខណ្ឌដើមរដូវវស្សា ឃុំបន្ទាយដែក ស្រុកក្រៀនស្វាយ ខេត្តកណ្តាល aRUAbPhnom penhc2018 aix;42pbill;c29cm u SORN VONGVIRAKBOTH